Answers Start With I - Statistics

General Stats
  • This quiz has been taken 94 times
  • The average score is 11 of 15
Answer Stats
Hint Answer % Correct
House made of ice and snow Igloo
95%
Opposite of outdoor Indoor
95%
Most populated country India
93%
Reptile Iguana
91%
Three peas __ a pod In
90%
Home to Chicago Illinois
86%
Goes on cakes, cupcakes, cookies, etc. Icing
83%
Movie featuring Sid the sloth Ice Age
81%
Country that is spelled the same as another, but instead of ending with an "n", it ends with a different letter Iraq
76%
Boot shaped country Italy
76%
Fe element + male Iron Man
73%
Country that is spelled the same as another, but instead, a middle letter is a "c" Iceland
64%
Home to Des Moines Iowa
64%
Example: Break the ice Idiom
25%
Opposite of a derivative (in calculus) Integral
20%
No matching quizzes found
Score Distribution
Percent of People with Each Score
Percentile by Number Answered
Your Score History
You have not taken this quiz